|
|
|
|
| LEADER |
01556nam a2200397 a 4500 |
| 001 |
36432 |
| 003 |
BD-DhAAL |
| 005 |
20211129104336.0 |
| 008 |
191022t2012 nyua b 001 0 eng d |
| 999 |
|
|
|c 41607
|d 41607
|
| 010 |
|
|
|a 2011041019
|
| 020 |
|
|
|a 9780071759144 (hbk. : alk. paper)
|
| 020 |
|
|
|a 007175914X (hbk. : alk. paper)
|
| 020 |
|
|
|a 9780071759151 (e-ISBN)
|
| 020 |
|
|
|a 0071759158 (e-MHID)
|
| 040 |
|
|
|a DLC
|c DLC
|d DLC
|d BD-DhAAL
|
| 042 |
|
|
|a pcc
|
| 050 |
0 |
0 |
|a HG6041
|b .B74 2012
|
| 082 |
0 |
0 |
|a 332.645
|2 23
|
| 100 |
1 |
|
|a Brown, Constance M.
|9 36347
|
| 245 |
1 |
0 |
|a Technical analysis for the trading professional :
|b strategies and techniques for today's turbulent global financial markets /
|c Constance M. Brown ; [foreword: George C. Lane].
|
| 250 |
|
|
|a Second edition.
|
| 260 |
|
|
|a New York :
|b McGraw-Hill,
|c c2012.
|
| 300 |
|
|
|a xiv, 450 pages :
|b illustrations ;
|c 24 cm.
|
| 504 |
|
|
|a Includes bibliographical references (page 429) and index.
|
| 526 |
|
|
|a BBS
|
| 541 |
|
|
|a Karim International
|e 36432
|
| 650 |
|
0 |
|a Speculation.
|9 36348
|
| 650 |
|
0 |
|a Investment analysis.
|9 36349
|
| 650 |
|
0 |
|a Stocks
|v Charts, diagrams, etc.
|9 36350
|
| 650 |
|
0 |
|a Finance.
|9 36351
|
| 650 |
|
0 |
|a Business & finance
|9 43280
|
| 700 |
1 |
|
|a Lane, George C.
|9 36352
|
| 852 |
|
|
|a Ayesha Abed Library
|c General Stacks
|
| 942 |
|
|
|2 ddc
|c BK
|
| 952 |
|
|
|0 0
|1 0
|2 ddc
|4 0
|6 332_645000000000000_BRO
|7 0
|9 66796
|a BRACUL
|b BRACUL
|c GEN
|d 2019-10-17
|e Karim International
|g 5100.00
|l 2
|m 60
|o 332.645 BRO
|p 3010036432
|q 2026-06-02
|r 2025-10-18
|s 2025-10-18
|t 1
|v 5100.00
|w 2019-10-17
|y BK
|